| 000 | 00845cam a22002655i 4500 | ||
|---|---|---|---|
| 001 | 17759163 | ||
| 003 | USPCAS-E | ||
| 005 | 20180118181419.0 | ||
| 008 | 130531s2013 nju 000 0 eng | ||
| 010 | _a 2013941765 | ||
| 020 | _a9781848215726 | ||
| 040 |
_aDLC _beng _cDLC _erda _dDLC |
||
| 042 | _apcc | ||
| 082 |
_223 _a621.44 _bENE 2013 |
||
| 245 | 0 | 0 |
_aEnergy geostructures / _c[edited by] Lyesse Laloui, Alice Di Donna. |
| 260 |
_aHoboken: _bWiley, _cc2013. |
||
| 263 | _a1306 | ||
| 300 | _apages cm | ||
| 502 | _a. | ||
| 856 | 4 | 2 |
_3Publisher description _uhttp://www.loc.gov/catdir/enhancements/fy1311/2013941765-d.html |
| 856 | 4 | 1 |
_3Table of contents only _uhttp://www.loc.gov/catdir/enhancements/fy1311/2013941765-t.html |
| 906 |
_a0 _bibc _corignew _d2 _eepcn _f20 _gy-gencatlg |
||
| 942 |
_2ddc _cBK |
||
| 999 |
_c355947 _d355947 |
||